| 000 | 00677nam a22001937a 4500 | ||
|---|---|---|---|
| 999 |
_c8931 _d8931 |
||
| 003 | AR-CdUCM | ||
| 008 | 190327b ||||| |||| 00| 0 spa d | ||
| 040 |
_aMUNICIPALIDAD PROVINCIAL DEL CUSCO _cBIBLIOTECA MUNICIPAL DEL CUSCO |
||
| 082 |
_a869.56 / _bS22 |
||
| 100 |
_aSanchez, Luis Alberto _91008 |
||
| 245 |
_aUn sudamericano en norteamericano : _bellos y nosotros / |
||
| 260 |
_aLima : _bUniversidad nacional mayor de San Marcos, _c1968. |
||
| 300 |
_a322 páginas ; _c25 cm. |
||
| 505 | _aPrejuicio -- Experiencia -- Perspectivas. | ||
| 650 |
_aLiteratura peruana _9169 |
||
| 710 |
_aUniversidad nacional mayor de San Marcos _95627 |
||
| 942 |
_2ddc _cLIBROS |
||
| 945 | _aacv | ||